All Empires of Honduras by Picture - Statistics

General Stats
  • This quiz has been taken 29 times
  • The average score is 5 of 5
Answer Stats
Picture Hint Answer % Correct
1821 – 1823 First Mexican Empire
100%
1838 – present Republic of Honduras
100%
1502 – 1821 Spanish Empire
100%
2000 BCE – 900 CE Mayan Civilization
92%
1823 – 1838 F.R. Central America
81%
No matching quizzes found
Score Distribution
Percent of People with Each Score
Percentile by Number Answered
Your Score History
You have not taken this quiz